The Australian feminist law journal (Registro nro. 160289)
[ vista simple ]
| 000 -LEADER | |
|---|---|
| fixed length control field | 01032ny a22002653n 4500 |
| 008 - FIXED-LENGTH DATA ELEMENTS--GENERAL INFORMATION | |
| fixed length control field | 100322c19uu9999at fr p j 000 0 eng c |
| 010 ## - LIBRARY OF CONGRESS CONTROL NUMBER | |
| LC control number | sn 95032786 |
| 022 ## - | |
| -- | 1320-0968 |
| 035 ## - | |
| -- | 4273 |
| 040 ## - CATALOGING SOURCE | |
| Original cataloging agency | WaSeSS |
| Modifying agency | vLex |
| 090 ## - | |
| -- | 1831 |
| -- | 1831 |
| 245 34 - TITLE STATEMENT | |
| Title | The Australian feminist law journal |
| Medium | [Recurso electrónico] |
| 256 ## - | |
| -- | Servicio en línea |
| 260 ## - PUBLICATION, DISTRIBUTION, ETC. (IMPRINT) | |
| Place of publication, distribution, etc | Parkville, Vic. : |
| Name of publisher, distributor, etc | Australian Feminist Law Foundation |
| 310 ## - | |
| -- | Bimestral |
| 506 1# - RESTRICTIONS ON ACCESS NOTE | |
| Terms governing access | Contenido solo disponible en los productos indicados |
| Authorized users | vLex Global |
| -- | vLex Global (Academic Edition, excluding Law Schools) |
| -- | vLex Global (U.S. Academic Edition, excluding Law Schools) |
| 650 04 - SUBJECT ADDED ENTRY--TOPICAL TERM | |
| Topical term or geographic name as entry element | Discriminación respecto a mujeres |
| General subdivision | Publicaciones Periódicas |
| 650 04 - SUBJECT ADDED ENTRY--TOPICAL TERM | |
| Topical term or geographic name as entry element | Feminismo |
| Geographic subdivision | Australia |
| General subdivision | Publicaciones Periódicas |
| 740 0# - | |
| -- | vLex Revista (Servicios en línea) |
| 843 ## - | |
| -- | Electrónica. Abierta |
| 853 ## - | |
| -- | 1 |
| -- | (year) |
| -- | (month) |
| -- | (day) |
| 856 40 - LOCALIZACIÓN Y ACCESO ELECTRÓNICO | |
| Identificador Uniforme del Recurso (URI/URL) | http://vlex.com/account/login_ip?fuente_id=4273 |
| 942 ## - | |
| -- | RAA |
| 999 ## - | |
| -- | 160289 |
| -- | 160289 |
No hay ítems disponibles.